Statistics for Islands A-Z

Click here to take the quiz!

General Stats

  • This quiz has been taken 49,932 times
    (32,564 since last reset)
  • The average score is 16 of 25

Answer Stats

ClueIsland% Correct
CBiggest in the CaribbeanCuba
95%
APrison island in San Francisco BayAlcatraz
93%
GWorld's biggest islandGreenland
90%
TIsland country coveted by ChinaTaiwan
90%
MOne of the five boroughs of NYCManhattan
89%
SItalian island - biggest in
the Mediterranean
Sicily
88%
DRoseau is the capital of this
Caribbean nation
Dominica
85%
PSomeday the 51st U.S. state?Puerto Rico
84%
IThe Emerald IsleIreland
79%
RGreek island once home to a ColossusRhodes
76%
NOne of New Zealand's
two main islands
North Island
75%
JWorld's most populous islandJava
72%
ZIsland off the coast of TanzaniaZanzibar
71%
HMain island of JapanHonshu
71%
OWhere Honolulu is situatedOahu
68%
VBiggest island in British ColumbiaVancouver
65%
EAble was Napoleon ere he saw itElba
58%
KIsland in the Florida Keys where
Hemingway sojourned
Key West
55%
LMain island of the PhilippinesLuzon
50%
BDenpasar is its capitalBali
50%
WBiggest in the English ChannelWight
46%
FIndonesian island. Its name
means "flowers" in Portuguese
Flores
36%
YIsland in San Francisco Bay
whose name means "good herb"
Yerba Buena
19%
USamoa's most populous islandUpolu
13%
QIran's largest islandQeshm
13%

Score Distribution

Percentile by Number Answered

Percent of People with Each Score

Your Score History

You have not taken this quiz since the last reset